| 000 | 00317nam a22001337a 4500 | ||
|---|---|---|---|
| 020 | _a9780689865701 | ||
| 040 | _cnust | ||
| 082 |
_a823-CH _bKEE |
||
| 100 |
_aKeene, Carolyn _9110166 |
||
| 245 | _aNancy Drew | ||
| 260 |
_aNew York: _bAlladin Paper backs, _c2004. |
||
| 650 |
_aNancy Drew _9122835 |
||
| 942 |
_2ddc _cBK |
||
| 999 |
_c609251 _d609251 |
||